Crack analysis of unfilled natural rubber using infrared microscopy (Record no. 56489)

MARC details
000 -LEADER
fixed length control field 00554nam a2200169Ia 4500
100 ## - MAIN ENTRY--AUTHOR NAME
Personal name Neumeister L A
245 #0 - TITLE STATEMENT
Title Crack analysis of unfilled natural rubber using infrared microscopy
260 ## - PUBLICATION, DISTRIBUTION, ETC. (IMPRINT)
Name of publisher ACS Polymeric Materials Science and Engineering. V.75.Conference Proceedings Orlando, FL, Fall 1996,p9-10
500 ## - GENERAL NOTE
General note Source Year: 2001
650 ## - SUBJECT ADDED ENTRY--TOPICAL TERM
Topical Term Crack analysis
650 ## - SUBJECT ADDED ENTRY--TOPICAL TERM
Topical Term Infrared microscopy
650 ## - SUBJECT ADDED ENTRY--TOPICAL TERM
Topical Term Unfilled natural rubber
700 ## - ADDED ENTRY--PERSONAL NAME
Personal name Koenig J L
856 ## - ELECTRONIC LOCATION AND ACCESS
Uniform Resource Identifier RAPRA
942 ## - ADDED ENTRY ELEMENTS (KOHA)
Koha item type Journals
Holdings
Withdrawn status Lost status Damaged status Not for loan Home library Current library Shelving location Date acquired Koha item type
      Journals RRII Library RRII Library Rubber chemistry 17/12/2021 Journals